Sports Quiz

Random Sports or NFL Quiz

Oldest in Sports Quiz Stats

 Plays Quiz Updated May 17, 2016

Challenge
Share
Tweet
Embed
Score 0/20 Timer 05:00
1 Play Today
Sport Athlete % Correct
NFLPeyton Manning
89%
NBAMichael Jordan
57.4%
NFLPeyton Manning
56.9%
NHLGordie Howe
45.2%
NBAKareem Abdul-Jabbar
33%
NFLGeorge Blanda
32.4%
NFLJohn Elway
30.5%
MLBRoger Clemens
28.9%
MLBSatchel Paige
28.9%
MLBBarry Bonds
28.8%
Sport Athlete % Correct
NBAKarl Malone
21.6%
MLBConnie Mack
18.6%
NBAHubie Brown
12%
NFLGeorge Halas
11.3%
NHLTim Thomas
4.5%
NHLMartin St. Louis
3.4%
NHLAl Arbour
3.1%
MLBWillie Stargell
3%
NBANat Hickey
1.2%
NHLEddie Shore
1%

You're not logged in!

Compare scores with friends on all Sporcle quizzes.
Join for Free
OR
Log In

You Might Also Like...

Show Comments

Extras

Top Quizzes Today


Score Distribution

Your Account Isn't Verified!

In order to create a playlist on Sporcle, you need to verify the email address you used during registration. Go to your Sporcle Settings to finish the process.

Report this User

Report this user for behavior that violates our Community Guidelines.

Details: